[Event "4NCL Division 3 North"]
[Site "Doncaster, ENG"]
[Date "2018.05.06"]
[Round "10.11"]
[White "Thorarinsson, Pall A."]
[Black "Paterson, Andrew I"]
[Result "1-0"]
[WhiteElo "2275"]
[BlackElo "2065"]
[PlyCount "45"]
[EventDate "2018.05.06"]
[WhiteTeam "Gonzaga"]
[BlackTeam "Warwickshire Select 2"]

1. d4 d5 2. c4 e6 3. Nc3 c6 4. e3 f5 5. Bd3 Nf6 6. Nge2 Bd6 7. f3 O-O 8. Qc2
Kh8 9. b3 Na6 10. a3 dxc4 11. bxc4 c5 12. O-O cxd4 13. exd4 e5 14. c5 Bb8 15.
Bxa6 bxa6 16. d5 Nxd5 17. Rd1 Nxc3 18. Rxd8 Nxe2+ 19. Qxe2 Rxd8 20. Bg5 Re8 21.
Rd1 Bc7 22. Qc4 Rb8 23. Qf7 1-0

[Event "4NCL Division 3 North"]
[Site "Doncaster, ENG"]
[Date "2018.05.06"]
[Round "10.12"]
[White "Page, Mark E"]
[Black "Freeman, Gordon"]
[Result "1/2-1/2"]
[WhiteElo "2142"]
[BlackElo "2175"]
[PlyCount "94"]
[EventDate "2018.05.06"]
[WhiteTeam "Warwickshire Select 2"]
[BlackTeam "Gonzaga"]

1. e4 d5 2. exd5 Qxd5 3. Nc3 Qa5 4. b4 Qxb4 5. Rb1 Qd6 6. Nf3 Nf6 7. Bc4 e6 8.
d4 Be7 9. O-O O-O 10. Re1 a6 11. Bg5 Nbd7 12. Qd2 Nb6 13. Bd3 Nbd5 14. Nxd5
Nxd5 15. c4 Nf6 16. Rb3 b5 17. c5 Qd8 18. Ne5 Bd7 19. Bxf6 Bxf6 20. Be4 c6 21.
Rh3 h6 22. Bb1 Bxe5 23. dxe5 f5 24. Rd3 Ra7 25. Rd1 Rf7 26. Rd6 Qg5 27. f4 Qh4
28. g3 Qh5 29. Bd3 g5 30. Be2 Qg6 31. Kf2 gxf4 32. gxf4 Rg7 33. Bf3 a5 34. Qe2
Kh7 35. Ke3 Qe8 36. Bh5 Qg8 37. Qf2 Qf8 38. Qh4 Qe7 39. Qf6 Rc7 40. h4 Rg3+ 41.
Kf2 Qg7 42. Bf3 Rxf3+ 43. Kxf3 Qg4+ 44. Ke3 Qg3+ 45. Kd2 Qxf4+ 46. Kc2 Qc4+ 47.
Kb2 Qb4+ 1/2-1/2

[Event "4NCL Division 3 North"]
[Site "Doncaster, ENG"]
[Date "2018.05.06"]
[Round "10.13"]
[White "Delaney, Killian"]
[Black "Purcell, Philip"]
[Result "1-0"]
[WhiteElo "2188"]
[BlackElo "2035"]
[PlyCount "67"]
[EventDate "2018.05.06"]
[WhiteTeam "Gonzaga"]
[BlackTeam "Warwickshire Select 2"]

1. e4 c5 2. c3 Nf6 3. e5 Nd5 4. Bc4 Nb6 5. Bb3 Nc6 6. Nf3 d5 7. exd6 Qxd6 8.
O-O c4 9. Bc2 Bg4 10. h3 Bh5 11. Re1 e6 12. b3 Be7 13. Na3 cxb3 14. axb3 O-O
15. d4 Bg6 16. Bxg6 hxg6 17. Nc4 Nxc4 18. bxc4 Rfd8 19. Qe2 Bf6 20. Qe4 Rac8
21. g4 Qd7 22. g5 Be7 23. Kg2 a6 24. c5 Qd5 25. Qxd5 Rxd5 26. Bf4 e5 27. Nxe5
Nxe5 28. Rxe5 Rxe5 29. Bxe5 Bxg5 30. Rb1 Kf8 31. Rxb7 Bd2 32. d5 Ke8 33. c6 f6
34. Rxg7 1-0

[Event "4NCL Division 3 North"]
[Site "Doncaster, ENG"]
[Date "2018.05.06"]
[Round "10.14"]
[White "Ingram, Keith R"]
[Black "Murray, David"]
[Result "1/2-1/2"]
[WhiteElo "1951"]
[BlackElo "2151"]
[PlyCount "91"]
[EventDate "2018.05.06"]
[WhiteTeam "Warwickshire Select 2"]
[BlackTeam "Gonzaga"]

1. e4 c5 2. Nf3 Nc6 3. d4 cxd4 4. Nxd4 Nf6 5. Nc3 d6 6. Be2 e5 7. Nb3 Be7 8.
Be3 O-O 9. O-O a5 10. a4 Nb4 11. Nd5 Nfxd5 12. exd5 Bf5 13. c3 Nc2 14. Rc1 Nxe3
15. fxe3 Bg6 16. Bb5 Bg5 17. Qe2 Qb6 18. Rce1 f5 19. Kh1 Rac8 20. c4 Qc7 21.
Qd2 Ra8 22. Qe2 Rf7 23. Nd2 Qc5 24. Nf3 Bh5 25. Qd2 Bh6 26. Qc3 Qb6 27. c5 Qd8
28. cxd6 Bxf3 29. Rxf3 e4 30. Rf2 Qxd6 31. Ref1 Rc7 32. Qb3 g6 33. g4 Rd8 34.
gxf5 Qxd5 35. Qxd5+ Rxd5 36. fxg6 hxg6 37. b3 Kg7 38. Bc4 Rf5 39. Rxf5 gxf5 40.
Rxf5 b6 41. Re5 Bxe3 42. Rxe4 Bc5 43. Kg2 Rd7 44. Kf3 Rd2 45. h4 Rd4 46. Rxd4
1/2-1/2

[Event "4NCL Division 3 North"]
[Site "Doncaster, ENG"]
[Date "2018.05.06"]
[Round "10.15"]
[White "Jackson, Carl"]
[Black "Turner, Simon"]
[Result "1-0"]
[WhiteElo "2152"]
[BlackElo "1952"]
[PlyCount "135"]
[EventDate "2018.05.06"]
[WhiteTeam "Gonzaga"]
[BlackTeam "Warwickshire Select 2"]

1. e4 c6 2. Nf3 d5 3. d3 Bg4 4. Be2 e6 5. h3 Bh5 6. g4 Bg6 7. Ne5 dxe4 8. Nxg6
hxg6 9. dxe4 Qxd1+ 10. Bxd1 Nd7 11. Be3 Ngf6 12. Nd2 Bc5 13. Bxc5 Nxc5 14. f3
O-O-O 15. Be2 Nfd7 16. O-O-O Nb6 17. Nc4 Rxd1+ 18. Kxd1 Nxc4 19. Bxc4 b5 20.
Bf1 f5 21. exf5 gxf5 22. gxf5 exf5 23. Rg1 Rg8 24. h4 Nb7 25. Bd3 Nd6 26. Rg5
Kd7 27. Bxf5+ Nxf5 28. Rxf5 Ke6 29. Rg5 Kf6 30. Rc5 Rd8+ 31. Ke2 Rd6 32. Ke3
Ke7 33. h5 a6 34. b3 Re6+ 35. Kd4 Kf6 36. f4 Kf7 37. Rf5+ Kg8 38. a3 g6 39.
hxg6 Kg7 40. Rg5 Re2 41. Kd3 Rf2 42. Rg4 c5 43. c3 Rf3+ 44. Kd2 b4 45. axb4
cxb4 46. cxb4 Rxb3 47. f5 Rf3 48. Rg5 Rf4 49. Kc3 Re4 50. Kb3 Rf4 51. Ka4 Rd4
52. Rh5 Rd6 53. Rh7+ Kg8 54. Rf7 Rb6 55. Ka5 Rb5+ 56. Ka4 Rb6 57. Re7 Rf6 58.
Re6 Rxf5 59. Rxa6 Kg7 60. b5 Rf4+ 61. Ka5 Rf5 62. Re6 Rf2 63. Ka6 Ra2+ 64. Kb7
Kf8 65. b6 Rd2 66. Kb8 Rc2 67. b7 Rc3 68. Ka8 1-0

[Event "4NCL Division 3 North"]
[Site "Doncaster, ENG"]
[Date "2018.05.06"]
[Round "10.16"]
[White "Bowcott-Terry, Finlay"]
[Black "O'Connor, Eddie"]
[Result "1/2-1/2"]
[WhiteElo "1825"]
[BlackElo "1979"]
[PlyCount "89"]
[EventDate "2018.05.06"]
[WhiteTeam "Warwickshire Select 2"]
[BlackTeam "Gonzaga"]

1. e4 e6 2. d3 d5 3. Nd2 c5 4. Ngf3 Nc6 5. g3 Bd6 6. Bg2 Nge7 7. O-O Qc7 8. Re1
O-O 9. c3 b5 10. Qe2 f6 11. Nf1 a5 12. d4 dxe4 13. Qxe4 Bd7 14. h4 Rae8 15. Qd3
c4 16. Qe2 Nf5 17. a4 bxa4 18. Qxc4 Ncxd4 19. Qxc7 Nxf3+ 20. Bxf3 Bxc7 21. Bd1
e5 22. Ne3 Nxe3 23. Bxe3 Rb8 24. Bc1 f5 25. Bxa4 Be6 26. Bc2 h6 27. b4 axb4 28.
cxb4 Rfd8 29. Ra6 Rd6 30. Rxd6 Bxd6 31. Bd2 Kf7 32. Bc3 Rc8 33. Re3 g5 34. hxg5
hxg5 35. Bd1 f4 36. Rd3 Ke7 37. Bd2 Bf5 38. Rc3 Rh8 39. Ra3 Bb8 40. b5 Bd6 41.
Ra7+ Kf6 42. Ra6 Ke7 43. Ra7+ Kf6 44. Ra6 Ke7 45. Ra7+ 1/2-1/2

[Event "4NCL Division 3 North"]
[Site "Doncaster, ENG"]
[Date "2018.05.06"]
[Round "10.21"]
[White "Whitfield, Craig M"]
[Black "Rutter, Nick J"]
[Result "1-0"]
[WhiteElo "2069"]
[BlackElo "2290"]
[PlyCount "55"]
[EventDate "2018.05.06"]
[WhiteTeam "Cheddleton 2"]
[BlackTeam "Shropshire 1"]

1. Nf3 d5 2. e3 Nf6 3. c4 c6 4. Nc3 e6 5. d4 Nbd7 6. Bd2 Bd6 7. Bd3 dxc4 8.
Bxc4 b5 9. Bd3 a6 10. Ne4 Be7 11. Rc1 Bb7 12. b4 Nd5 13. a3 a5 14. Nc3 axb4 15.
Nxd5 exd5 16. Bxb4 Bxb4+ 17. axb4 Qe7 18. Qd2 Ra4 19. Rb1 O-O 20. Bc2 Ra2 21.
Bxh7+ Kxh7 22. Qxa2 Ra8 23. Qc2+ Kg8 24. O-O Ra4 25. Ra1 Rxb4 26. Ra7 Rc4 27.
Qf5 g6 28. Qg5 1-0

[Event "4NCL Division 3 North"]
[Site "Doncaster, ENG"]
[Date "2018.05.06"]
[Round "10.22"]
[White "Hurney, Kevin"]
[Black "Boswell, Jacob Connor"]
[Result "0-1"]
[WhiteElo "2170"]
[BlackElo "2072"]
[PlyCount "108"]
[EventDate "2018.05.06"]
[WhiteTeam "Shropshire 1"]
[BlackTeam "Cheddleton 2"]

1. e4 e5 2. Nf3 Nc6 3. Bb5 a6 4. Bxc6 dxc6 5. d4 exd4 6. Qxd4 Qxd4 7. Nxd4 Nf6
8. f3 c5 9. Nb3 Nd7 10. Be3 Be7 11. Nc3 b6 12. Nd5 Bd6 13. Rd1 Bb7 14. O-O
O-O-O 15. a4 Rhe8 16. Rfe1 f6 17. Bf2 Ne5 18. a5 Nc4 19. axb6 cxb6 20. Rb1 Bxd5
21. exd5 Rxe1+ 22. Bxe1 Be5 23. c3 Rxd5 24. g3 g5 25. Kf1 Kd7 26. Ke2 Ke6 27.
Nd2 Nxd2 28. Bxd2 c4 29. Be3 Bc7 30. g4 Bxh2 31. Bxb6 Rb5 32. Bd4 f5 33. Kd2
fxg4 34. fxg4 h5 35. gxh5 g4 36. h6 Bf4+ 37. Be3 Rd5+ 38. Kc2 Bxe3 39. Re1 Rd2+
40. Kb1 Rh2 41. Rxe3+ Kf5 42. Ka2 Rxh6 43. Ka3 Kf4 44. Re8 g3 45. Rg8 Rb6 46.
Rg7 Kf3 47. Rf7+ Ke3 48. Rg7 Kf2 49. Rf7+ Kg1 50. Rg7 g2 51. Rg8 Rb5 52. Ka2
Kf2 53. Rf8+ Kg3 54. Rg8+ Kf3 0-1

[Event "4NCL Division 3 North"]
[Site "Doncaster, ENG"]
[Date "2018.05.06"]
[Round "10.23"]
[White "Richardson, Alex"]
[Black "Paul, Nathanael"]
[Result "1/2-1/2"]
[WhiteElo "2148"]
[BlackElo "2005"]
[PlyCount "109"]
[EventDate "2018.05.06"]
[WhiteTeam "Cheddleton 2"]
[BlackTeam "Shropshire 1"]

1. e4 c6 2. d4 d5 3. e5 Bf5 4. Nf3 e6 5. Be2 Nd7 6. O-O h6 7. c3 g5 8. a4 Ne7
9. a5 a6 10. b4 Bg7 11. Nbd2 O-O 12. Nb3 f6 13. exf6 Rxf6 14. Be3 Qc7 15. Qd2
Raf8 16. Ne1 R6f7 17. Bh5 Bg6 18. Bxg6 Nxg6 19. Nd3 Nf6 20. Nbc5 Ng4 21. g3 Nh4
22. f4 Nf5 23. Bf2 Re7 24. Rae1 Rfe8 25. Ne5 Nxe5 26. fxe5 Rf7 27. g4 Ne7 28.
Qd3 Qc8 29. Bg3 Ref8 30. Rxf7 Rxf7 31. Rf1 Rxf1+ 32. Kxf1 Bf8 33. h4 Kg7 34.
Qf3 Ng8 35. hxg5 hxg5 36. Qe3 Kg6 37. Qd3+ Kg7 38. Qd2 Kg6 39. Qh2 Kg7 40. Qh5
Be7 41. Be1 Nh6 42. Bd2 Nf7 43. Na4 Qh8 44. Qxh8+ Kxh8 45. Nb6 Kg7 46. Ke2 Kf8
47. Kf3 Ke8 48. c4 Bd8 49. Na4 Be7 50. Nb2 Kd7 51. b5 axb5 52. cxb5 cxb5 53.
Nd3 Nd8 54. Nc1 Kc6 55. Nd3 1/2-1/2

[Event "4NCL Division 3 North"]
[Site "Doncaster, ENG"]
[Date "2018.05.06"]
[Round "10.24"]
[White "Bryant, Richard B E"]
[Black "Edwards, Simon R"]
[Result "1-0"]
[WhiteElo "2020"]
[BlackElo "1940"]
[PlyCount "129"]
[EventDate "2018.05.06"]
[WhiteTeam "Shropshire 1"]
[BlackTeam "Cheddleton 2"]

1. e4 c5 2. Nc3 Nc6 3. g3 g6 4. Bg2 Bg7 5. d3 d6 6. Be3 e6 7. Qd2 Rb8 8. Nd1 b5
9. Ne2 h5 10. h3 Nd4 11. Nc1 Bb7 12. O-O Ne7 13. c3 Ndc6 14. f4 O-O 15. g4 hxg4
16. hxg4 f5 17. exf5 exf5 18. g5 Na5 19. Ne2 Qc7 20. Rc1 Bxg2 21. Kxg2 Kf7 22.
b4 Qc6+ 23. Kg3 Nb7 24. c4 bxc4 25. dxc4 Rh8 26. b5 Qd7 27. Ndc3 Rh5 28. Ng1
Rbh8 29. Nf3 Qd8 30. Nd5 Qa5 31. Qxa5 Nxa5 32. Nxe7 Kxe7 33. Bd2 Nb7 34. Rfe1+
Kd7 35. Re2 Rh1 36. Rce1 Rxe1 37. Rxe1 Re8 38. Nh4 Rxe1 39. Bxe1 d5 40. cxd5
Nd6 41. a4 Ne4+ 42. Kf3 c4 43. Ke3 Kd6 44. Nxg6 Kxd5 45. Ne7+ Ke6 46. Nc6 Kd5
47. Bb4 Bb2 48. g6 Bc1+ 49. Ke2 Bxf4 50. g7 Nf6 51. Ne7+ Ke6 52. g8=Q+ Nxg8 53.
Nxg8 Bg5 54. a5 Kd7 55. Ne7 c3 56. Kd3 f4 57. Nf5 Kc7 58. Bxc3 Kb7 59. Ke4 a6
60. b6 Bd8 61. Bd4 Kc6 62. Kxf4 Kb5 63. b7 Bc7+ 64. Be5 Kc6 65. b8=Q 1-0

[Event "4NCL Division 3 North"]
[Site "Doncaster, ENG"]
[Date "2018.05.06"]
[Round "10.25"]
[White "Floresc, Petru"]
[Black "Higgie, Charles L"]
[Result "0-1"]
[WhiteElo "1852"]
[BlackElo "2050"]
[PlyCount "160"]
[EventDate "2018.05.06"]
[WhiteTeam "Cheddleton 2"]
[BlackTeam "Shropshire 1"]

1. e4 c5 2. Nf3 Nc6 3. Be2 Nf6 4. Nc3 d5 5. exd5 Nxd5 6. O-O g6 7. d4 cxd4 8.
Nxd4 Nxc3 9. bxc3 Bg7 10. Be3 O-O 11. Nxc6 bxc6 12. Bd4 Bf5 13. Bf3 Qc7 14.
Bxg7 Kxg7 15. Qd4+ e5 16. Qc4 Rfd8 17. Rac1 Rab8 18. a4 Rb2 19. Rfd1 Rxc2 20.
Rxc2 Bxc2 21. Rc1 Rd2 22. Qxc6 Qa5 23. Qc4 Qb6 24. Be2 Bd3 25. Qxd3 Rxd3 26.
Bxd3 Qb2 27. Rf1 Qxc3 28. Bb5 e4 29. g3 Qd2 30. Rb1 Kf6 31. Kf1 e3 32. fxe3
Qxe3 33. Re1 Qf3+ 34. Kg1 Kg5 35. Rf1 Qe3+ 36. Kg2 f5 37. h4+ Kf6 38. Rf3 Qe4
39. Kf2 Qc2+ 40. Kg1 Qc5+ 41. Kg2 Qd5 42. Kf2 Qd2+ 43. Kg1 Ke5 44. Rf2 Qe1+ 45.
Kg2 Qe4+ 46. Kh2 Kf6 47. Re2 Qd4 48. Kg2 h6 49. Rf2 Qe4+ 50. Rf3 Ke5 51. Kf2
Qc2+ 52. Kg1 Ke4 53. Rf2 Qd1+ 54. Rf1 Qd4+ 55. Kg2 g5 56. hxg5 hxg5 57. Re1+
Kd5 58. Rf1 Ke5 59. Re1+ Kf6 60. Re2 Qd5+ 61. Kf2 Qh1 62. Re3 Qh2+ 63. Ke1 Qg1+
64. Ke2 Qg2+ 65. Ke1 f4 66. gxf4 gxf4 67. Bf1 Qc6 68. Rd3 Qxa4 69. Kf2 Ke5 70.
Be2 a5 71. Bd1 Qa2+ 72. Ke1 a4 73. Rd2 Qa1 74. Ke2 a3 75. Bb3 Qc3 76. Ba2 Qe3+
77. Kd1 f3 78. Bc4 f2 79. Kc2 Qxd2+ 80. Kxd2 Kd4 0-1

[Event "4NCL Division 3 North"]
[Site "Doncaster, ENG"]
[Date "2018.05.06"]
[Round "10.26"]
[White "Gostelow, David W"]
[Black "Armstrong, William G"]
[Result "1-0"]
[WhiteElo "1960"]
[BlackElo "1817"]
[PlyCount "71"]
[EventDate "2018.05.06"]
[WhiteTeam "Shropshire 1"]
[BlackTeam "Cheddleton 2"]

1. d4 Nf6 2. Bf4 d6 3. Nc3 g6 4. e4 Bg7 5. Nf3 O-O 6. Qd2 c6 7. Bh6 b5 8. Bd3
b4 9. Ne2 Ba6 10. Bxg7 Kxg7 11. Qxb4 Bxd3 12. cxd3 Na6 13. Qc3 Qb6 14. O-O Rab8
15. b3 Rfc8 16. Rfc1 Kg8 17. Qd2 Kg7 18. Rc3 Rc7 19. Rac1 Rbc8 20. h3 Qa5 21.
Qb2 Qh5 22. a3 Nd7 23. d5 f5 24. Nf4 Qh6 25. Ne6+ Kf7 26. Nxc7 Rxc7 27. Rxc6
Rxc6 28. dxc6 Ndc5 29. Qd2 Qf8 30. Qc3 Qc8 31. b4 Ne6 32. Qc4 Nac7 33. Nd4 f4
34. Nxe6 Nxe6 35. c7 Kg7 36. Qxe6 1-0

[Event "4NCL Division 3 North"]
[Site "Doncaster, ENG"]
[Date "2018.05.06"]
[Round "10.31"]
[White "Turner, John M"]
[Black "Reeve, Andy K"]
[Result "1/2-1/2"]
[WhiteElo "2000"]
[BlackElo "2200"]
[PlyCount "34"]
[EventDate "2018.05.06"]
[WhiteTeam "Holmes Chapel"]
[BlackTeam "3Cs 2"]

1. e4 d6 2. d4 Nf6 3. Nc3 c6 4. g3 Nbd7 5. Bg2 e5 6. Nge2 Be7 7. O-O O-O 8. a4
b6 9. h3 a6 10. Be3 Bb7 11. g4 b5 12. Ng3 b4 13. Nce2 d5 14. dxe5 Nxe4 15. Nxe4
dxe4 16. e6 fxe6 17. Ng3 Nf6 1/2-1/2

[Event "4NCL Division 3 North"]
[Site "Doncaster, ENG"]
[Date "2018.05.06"]
[Round "10.32"]
[White "Clarke, Stuart W"]
[Black "Doran, Chris"]
[Result "1-0"]
[WhiteElo "2239"]
[BlackElo "1964"]
[PlyCount "53"]
[EventDate "2018.05.06"]
[WhiteTeam "3Cs 2"]
[BlackTeam "Holmes Chapel"]

1. e4 c5 2. c3 g6 3. d4 cxd4 4. cxd4 d5 5. e5 Bg7 6. Nc3 Nc6 7. h3 f6 8. f4 Nh6
9. g4 O-O 10. Bg2 fxe5 11. fxe5 Qb6 12. Nge2 e6 13. Na4 Qd8 14. Be3 Qh4+ 15.
Kd2 b6 16. Rc1 Na5 17. b4 Nb7 18. Qb3 Qe7 19. Rc2 Bd7 20. Rc7 Bxa4 21. Rxe7
Bxb3 22. axb3 Nd8 23. Nf4 Rf7 24. Nxd5 exd5 25. Bxd5 Rc8 26. Re8+ Bf8 27. Bxh6
1-0

[Event "4NCL Division 3 North"]
[Site "Doncaster, ENG"]
[Date "2018.05.06"]
[Round "10.33"]
[White "Bennett, Patrick"]
[Black "Adams, Philip"]
[Result "0-1"]
[WhiteElo "2013"]
[BlackElo "2147"]
[PlyCount "56"]
[EventDate "2018.05.06"]
[WhiteTeam "Holmes Chapel"]
[BlackTeam "3Cs 2"]

1. c4 e5 2. Nc3 Nc6 3. g3 Bc5 4. Bg2 a6 5. e4 d6 6. Nge2 Nge7 7. d3 O-O 8. O-O
Rb8 9. a3 b5 10. cxb5 axb5 11. b4 Ba7 12. Bb2 Be6 13. Rc1 Nd4 14. Nd5 Nxe2+ 15.
Qxe2 Bxd5 16. exd5 Nf5 17. Bh3 Nd4 18. Bxd4 Bxd4 19. Rc6 Ra8 20. Rfc1 Bb6 21.
R6c3 Qg5 22. Rf1 f5 23. Kh1 Qh6 24. Bg2 f4 25. g4 Qf6 26. Be4 f3 27. Qd2 Qh4
28. d4 Qxg4 0-1

[Event "4NCL Division 3 North"]
[Site "Doncaster, ENG"]
[Date "2018.05.06"]
[Round "10.34"]
[White "McLean, Robert"]
[Black "Pearson, Raymond"]
[Result "0-1"]
[WhiteElo "2050"]
[BlackElo "1901"]
[PlyCount "40"]
[EventDate "2018.05.06"]
[WhiteTeam "3Cs 2"]
[BlackTeam "Holmes Chapel"]

1. e4 c5 2. Nf3 d6 3. d4 cxd4 4. Nxd4 Nf6 5. Nc3 g6 6. Be3 Bg7 7. f3 Nc6 8. Qd2
Bd7 9. Bc4 O-O 10. O-O-O Rb8 11. g4 b5 12. Bxb5 Nxd4 13. Bxd7 Nxf3 14. Qe2 Nxe4
15. Nxe4 Bxb2+ 16. Kb1 Qa5 17. a4 Qb4 18. Nc5 dxc5 19. Bxc5 Qxc5 20. Qxf3 Bc3+
0-1

[Event "4NCL Division 3 North"]
[Site "Doncaster, ENG"]
[Date "2018.05.06"]
[Round "10.35"]
[White "Roberts, Malcolm A"]
[Black "Rita, Joao"]
[Result "1-0"]
[WhiteElo "1629"]
[BlackElo "2035"]
[PlyCount "121"]
[EventDate "2018.05.06"]
[WhiteTeam "Holmes Chapel"]
[BlackTeam "3Cs 2"]

1. e4 c6 2. d4 d5 3. exd5 cxd5 4. Nf3 Nc6 5. c3 Bg4 6. Be2 Nf6 7. h3 Bh5 8.
Nbd2 e6 9. Ne5 Nxe5 10. dxe5 Bxe2 11. Qxe2 Nd7 12. Nf3 Qc7 13. O-O g6 14. Bf4
Bg7 15. Rfe1 O-O 16. Qd2 Rfe8 17. Rad1 b5 18. a3 Nb6 19. b3 a5 20. Nd4 Qc5 21.
b4 Qc4 22. Qd3 axb4 23. cxb4 Qxd3 24. Rxd3 Nc4 25. Nxb5 Reb8 26. Nd4 Nxa3 27.
Nc6 Rb6 28. Ra1 Rxc6 29. Rdxa3 Rb8 30. Ra8 Rcb6 31. Rxb8+ Rxb8 32. Rb1 Rb5 33.
Kf1 g5 34. Bxg5 Bxe5 35. Bd2 Bd4 36. Ke2 Kf8 37. f3 Ke7 38. Kd3 Bc5 39. Ra1 Bd6
40. Rb1 Kd7 41. Ra1 Kc6 42. Rb1 Rb7 43. Kc3 Kb5 44. Kb3 f6 45. Ra1 h5 46. Ra5+
Kc6 47. g4 hxg4 48. hxg4 Rh7 49. Ra6+ Kd7 50. Ra7+ Bc7 51. b5 Rh8 52. b6 Rb8
53. Rxc7+ Kd6 54. Ba5 e5 55. b7 e4 56. fxe4 dxe4 57. Kc4 Ke5 58. Bc3+ Kf4 59.
Bxf6 e3 60. Re7 Kf3 61. Be5 1-0

[Event "4NCL Division 3 North"]
[Site "Doncaster, ENG"]
[Date "2018.05.06"]
[Round "10.36"]
[White "Taylor, Mike"]
[Black "Jones, Dewi"]
[Result "1-0"]
[WhiteElo "1937"]
[BlackElo "1516"]
[PlyCount "53"]
[EventDate "2018.05.06"]
[WhiteTeam "3Cs 2"]
[BlackTeam "Holmes Chapel"]

1. d4 Nf6 2. c4 e5 3. dxe5 Ng4 4. e3 h5 5. Nh3 Bb4+ 6. Bd2 Bxd2+ 7. Qxd2 Nxe5
8. Be2 d6 9. Nf4 Bg4 10. Nc3 Bxe2 11. Qxe2 g6 12. O-O Nbd7 13. Rfd1 a6 14. b4
Qh4 15. Rd4 Qg5 16. Nfd5 Qd8 17. Rad1 O-O 18. c5 c6 19. Nf4 d5 20. e4 Qf6 21.
exd5 cxd5 22. Ncxd5 Qg7 23. Ne7+ Kh7 24. Nxh5 gxh5 25. Rh4 Qf6 26. Qxh5+ Kg7
27. Qh7# 1-0

[Event "4NCL Division 3 North"]
[Site "Doncaster, ENG"]
[Date "2018.05.06"]
[Round "10.41"]
[White "Combie, Alex B"]
[Black "Watson, Phil R"]
[Result "0-1"]
[WhiteElo "1999"]
[BlackElo "2121"]
[PlyCount "136"]
[EventDate "2018.05.06"]
[WhiteTeam "Ashfield-Breadsall 1"]
[BlackTeam "Bradford DCA Knights A"]

1. d4 d5 2. c4 e6 3. Nf3 Nf6 4. g3 Be7 5. Bg2 O-O 6. O-O Nbd7 7. Qc2 b6 8. cxd5
Nxd5 9. Nc3 Bb7 10. Nxd5 Bxd5 11. e4 Bb7 12. Rd1 Qc8 13. Bf4 Rd8 14. Rac1 c6
15. Qb3 c5 16. d5 exd5 17. exd5 Nf8 18. d6 Bf6 19. Ng5 Bxg5 20. Bxg5 Rd7 21.
Bd5 h6 22. Be7 Bxd5 23. Qxd5 Ng6 24. Re1 Qb7 25. Qxb7 Rxb7 26. Re3 Nxe7 27.
dxe7 Re8 28. Rce1 f6 29. Rc1 Rbxe7 30. Rxe7 Rxe7 31. Rc2 Kf7 32. Rd2 Ke6 33.
Kf1 Rd7 34. Rc2 Kd5 35. Ke2 Kc6 36. h4 b5 37. Rc3 b4 38. Re3 c4 39. Re8 Kc5 40.
Rc8+ Kd4 41. Kd2 a5 42. f3 h5 43. Re8 Kc5+ 44. Ke2 c3 45. Rc8+ Kd4 46. bxc3+
bxc3 47. Kd1 Rb7 48. Rd8+ Ke3 49. Kc2 Rb2+ 50. Kxc3 Rxa2 51. Rg8 Kxf3 52. Rxg7
Rg2 53. Rg6 Rxg3 54. Rxf6+ Kg4+ 55. Kd2 Kxh4 56. Ra6 Rg5 57. Ke2 Kg3 58. Kf1
Kh2 59. Rc6 Rf5+ 60. Ke2 h4 61. Rg6 Rf4 62. Rg8 a4 63. Rg7 h3 64. Rg8 Rb4 65.
Kf2 a3 66. Ra8 Rb2+ 67. Kf3 a2 68. Ra7 Kg1 0-1

[Event "4NCL Division 3 North"]
[Site "Doncaster, ENG"]
[Date "2018.05.06"]
[Round "10.42"]
[White "Lang, Adam R"]
[Black "Somton, Anita"]
[Result "1-0"]
[WhiteElo "2181"]
[BlackElo "1967"]
[PlyCount "63"]
[EventDate "2018.05.06"]
[WhiteTeam "Bradford DCA Knights A"]
[BlackTeam "Ashfield-Breadsall 1"]

1. e4 c6 2. d4 d5 3. e5 Bf5 4. h4 h5 5. Bg5 Qb6 6. Bd3 Bxd3 7. Qxd3 Qa6 8. Qf3
e6 9. Ne2 Nd7 10. O-O Be7 11. c3 Bxg5 12. hxg5 Ne7 13. b4 b6 14. a4 c5 15. Na3
Nc6 16. g6 fxg6 17. Nf4 Rf8 18. Qg3 Rxf4 19. Qxf4 c4 20. Nc2 Ne7 21. f3 O-O-O
22. Qf7 Nf5 23. Qxe6 Qb7 24. b5 Kb8 25. Nb4 Ka8 26. Qxd5 Qxd5 27. Nxd5 Nxe5 28.
dxe5 Rxd5 29. Rfe1 Rd7 30. Rad1 Re7 31. Re4 Kb7 32. e6 1-0

[Event "4NCL Division 3 North"]
[Site "Doncaster, ENG"]
[Date "2018.05.06"]
[Round "10.43"]
[White "Naylor, Michael A"]
[Black "Jennings, Roger W"]
[Result "1/2-1/2"]
[WhiteElo "1982"]
[BlackElo "2020"]
[PlyCount "101"]
[EventDate "2018.05.06"]
[WhiteTeam "Ashfield-Breadsall 1"]
[BlackTeam "Bradford DCA Knights A"]

1. e4 g6 2. d4 Bg7 3. c3 d6 4. Nf3 Nf6 5. Nbd2 O-O 6. Bd3 Nc6 7. O-O e5 8. d5
Ne7 9. b4 Nh5 10. c4 Nf4 11. Nb3 Nxd3 12. Qxd3 f5 13. Bg5 h6 14. Bxe7 Qxe7 15.
Rac1 g5 16. Nfd2 f4 17. c5 g4 18. Rc2 Qh4 19. g3 Qh3 20. Rfc1 h5 21. Qf1 fxg3
22. hxg3 Qxf1+ 23. Nxf1 Bh6 24. Rd1 Bd7 25. Rd3 Bb5 26. Rdc3 Rf7 27. Ne3 Bxe3
28. Rxe3 Ba4 29. cxd6 cxd6 30. Kg2 Raf8 31. Rec3 b6 32. Rb2 Bxb3 33. axb3 Rd8
34. b5 Rdd7 35. Ra2 Rc7 36. Rc6 Rcd7 37. b4 Kg7 38. Rac2 Kg6 39. Rc8 Kg7 40.
R2c6 Kg6 41. Re8 Rf6 42. Rh8 Rdf7 43. Rc2 Rf3 44. Rd8 R3f6 45. Kg1 Kg7 46. Ra8
Rf3 47. Rcc8 Rb3 48. Rg8+ Kh7 49. Rad8 Rb1+ 50. Kg2 Rb2 51. Rh8+ 1/2-1/2

[Event "4NCL Division 3 North"]
[Site "Doncaster, ENG"]
[Date "2018.05.06"]
[Round "10.44"]
[White "Bak, Christopher"]
[Black "Garnett, John S"]
[Result "1-0"]
[WhiteElo "2041"]
[BlackElo "1916"]
[PlyCount "187"]
[EventDate "2018.05.06"]
[WhiteTeam "Bradford DCA Knights A"]
[BlackTeam "Ashfield-Breadsall 1"]

1. e4 c6 2. d4 d5 3. e5 c5 4. Nf3 Nc6 5. c4 Bg4 6. cxd5 Qxd5 7. Nc3 Qd8 8. d5
Nd4 9. Nxd4 Bxd1 10. Bb5+ Qd7 11. Kxd1 cxd4 12. Bxd7+ Kxd7 13. Nb5 Rd8 14. Bf4
a6 15. Nxd4 Ke8 16. Rc1 Rxd5 17. Rc8+ Rd8 18. Rxd8+ Kxd8 19. e6 fxe6 20. Nxe6+
Ke8 21. Ke2 Nf6 22. Rd1 g6 23. b3 Rg8 24. Rd8+ Kf7 25. Ng5+ Kg7 26. Be5 h6 27.
Ne6+ Kf7 28. Nc5 Ng4 29. Bc7 Bg7 30. Rxg8 Kxg8 31. Nxb7 Bd4 32. f3 Ne5 33. Nd8
Bc3 34. Ke3 Kf8 35. Ne6+ Ke8 36. Nc5 a5 37. Ne4 Kd7 38. Nxc3 Kxc7 39. Kd4 Nc6+
40. Kc5 e6 41. Kb5 g5 42. Ne4 Nb4 43. Kxa5 Nxa2 44. b4 Nc1 45. b5 Nd3 46. Ka6
Nb4+ 47. Ka7 Nd5 48. Nc5 Kd6 49. Nd3 Kc7 50. Ka6 h5 51. Ne5 Kd6 52. Nf7+ Kc5
53. Nxg5 Nc7+ 54. Kb7 Nxb5 55. Nxe6+ Kd6 56. Ng7 Ke5 57. Nxh5 Nd6+ 58. Kc6 Nf5
59. f4+ Ke6 60. g4 Nd4+ 61. Kc7 Nf3 62. Kd8 Nxh2 63. f5+ Kf7 64. g5 Ng4 65. g6+
Kf8 66. Nf4 Nf6 67. Ne6+ Kg8 68. Ke7 Nd5+ 69. Kd6 Nf6 70. Ke5 Nd7+ 71. Kd4 Nf6
72. Nf4 Kg7 73. Ke5 Ng4+ 74. Ke6 Nf6 75. Nd5 Ng4 76. Kd6 Nh6 77. Ke5 Ng4+ 78.
Kf4 Nf2 79. Kg5 Ne4+ 80. Kh5 Ng3+ 81. Kg4 Ne4 82. Kh4 Nd6 83. Kg5 Ne4+ 84. Kf4
Nf2 85. Ne3 Nh3+ 86. Kg4 Nf2+ 87. Kf3 Nd3 88. Ng4 Nc5 89. Kf4 Nd7 90. Kg5 Nc5
91. f6+ Kh8 92. Kf5 Nd7 93. Ke6 Nf8+ 94. Kf7 1-0

[Event "4NCL Division 3 North"]
[Site "Doncaster, ENG"]
[Date "2018.05.06"]
[Round "10.45"]
[White "Burke, Steven J"]
[Black "Nicholson, Jim W R"]
[Result "0-1"]
[WhiteElo "1916"]
[BlackElo "1985"]
[PlyCount "76"]
[EventDate "2018.05.06"]
[WhiteTeam "Ashfield-Breadsall 1"]
[BlackTeam "Bradford DCA Knights A"]

1. e4 c6 2. Nc3 d5 3. Nf3 dxe4 4. Nxe4 Bf5 5. Ng3 Bg6 6. Bc4 e6 7. h4 h6 8. d3
Nf6 9. Ne5 Qa5+ 10. Kf1 Qxe5 11. f4 Qc7 12. Qf3 Bd6 13. Ne4 Nbd7 14. g4 O-O-O
15. h5 Bxe4 16. dxe4 Nb6 17. Bb3 Bc5 18. a4 a5 19. c3 e5 20. g5 Nfd7 21. gxh6
gxh6 22. f5 Nf6 23. Bc2 Nc4 24. Qe2 Nd6 25. Rb1 Ba7 26. Rh3 Rhg8 27. Be3 Bxe3
28. Qxe3 Nc4 29. Qa7 Nd2+ 30. Ke1 Nxb1 31. Bxb1 Nd7 32. Ba2 Nb8 33. Qe3 Qd6 34.
Bb3 Na6 35. Bc4 Qd1+ 36. Kf2 Rd2+ 37. Be2 Qg1+ 38. Kf3 Qg2# 0-1